|
|
|
|
| LEADER |
01570cam a2200373 7i4500 |
| 001 |
0000033559 |
| 005 |
20160614090000.0 |
| 007 |
##ta |
| 008 |
160614 s2016 |
| 040 |
# |
# |
|a MATR
|
| 090 |
0 |
0 |
|a EGPT 381.1
|b RET
|
| 245 |
0 |
0 |
|a RETAILING IN EGYPT
|c Euromonitor International.
|
| 264 |
# |
1 |
|a London:
|b Euromonitor International,
|c 2016.
|
| 300 |
# |
# |
|a x, 143 pages:
|b illustrations;
|c 30 cm.
|
| 336 |
# |
# |
|a text
|2 rdacontent
|
| 337 |
# |
# |
|a unmediated
|2 rdamedia
|
| 338 |
# |
# |
|a volume
|2 rdacarrier
|
| 490 |
0 |
# |
|a Market report - March 2016
|
| 650 |
# |
0 |
|a Leisure and personal good specialist retailers --
|x Markets --
|z Egypt
|
| 650 |
# |
0 |
|a Direct retailing --
|x Markets --
|z Egypt
|
| 650 |
# |
0 |
|a Grocery retailers --
|x Markets --
|z Egypt
|
| 650 |
# |
0 |
|a Mixed --
|x Markets --
|z Egypt
|
| 650 |
# |
0 |
|a Health and beauty retailers --
|x Markets --
|z Egypt
|
| 650 |
# |
0 |
|a Internet retailing --
|x Markets --
|z Egypt
|
| 650 |
# |
0 |
|a Homeshopping --
|x Markets --
|z Egypt
|
| 650 |
# |
0 |
|a Vending --
|x Markets --
|z Egypt
|
| 650 |
# |
0 |
|a Supermarkets --
|x Markets --
|z Egypt
|
| 650 |
# |
0 |
|a DIY, home improvement and garden centres --
|x Markets --
|z Egypt
|
| 650 |
# |
0 |
|a Apparel specialist --
|x Markets --
|z Egypt
|
| 650 |
# |
0 |
|a Furniture and furnishing stores --
|x Markets --
|z Egypt
|
| 650 |
# |
0 |
|a Clothing and footwear retailers --
|x Markets --
|z Egypt
|
| 650 |
# |
0 |
|a Electronic and appliance specialist retailers --
|x Markets --
|z Egypt
|
| 650 |
# |
0 |
|a Hypermarkets --
|x Market --
|z Egypt
|
| 999 |
|
|
|a B000037707
|b Book
|c Countries
|e Business Information Centre
|